00746nam a2200205Ia 4500001002200000003000900022008004100031040002300072041001300095100003100108245005100139250001100190260002900201300001900230490005300249501012400302520006700426700003300493700001400526146-FEU lu ma (14735)IT-MiSPE171229s9999||||xx |||||||||||||| ||und|| aIT-MiSPEcIT-MiSPE aITALIANO aLudwing Andreas Feuerbach  0aMaterialismo dialettico e materialismo storico a5a ed. aBresciabLa Scuolac1973 a268 p. c21 cm aIl pensiero: Classici della filosofia commentati aEdizioni San Paolo srl - Piazza Soncino, 5 - 20092 CINISELLO BALSAMO (MI) (non commercial uses only) ® Copyright 2018 aAltri autori: Friedrich Engels, Cornelio Fabro (introd., note) aCornelio Fabrog(traduzione) aKarl Marx